000 00327nam a22001217a 4500
008 160426b xxu||||| |||| 00| 0 eng d
020 _a9780815177975
020 _a0815177976
041 _aeng
080 _a618.2
245 _aPsychiatric nursing:
_cGail Wiscarz Stuart; Sandra J. Sundeen; Student Worksheets;
942 _2udc
_cBK
999 _c1598
_d1598